Organizational Improvement and Accountability (Record no. 352384)
[ view plain ]
| 000 -LEADER | |
|---|---|
| fixed length control field | 00714nam a2200133Ia 4500 |
| 008 - FIXED-LENGTH DATA ELEMENTS--GENERAL INFORMATION | |
| fixed length control field | 171212s9999 xx 000 0 und d |
| 020 ## - INTERNATIONAL STANDARD BOOK NUMBER | |
| International Standard Book Number | 9780833035004 |
| 100 ## - MAIN ENTRY--PERSONAL NAME | |
| Personal name | Stecher, Brian M.;Kirby, Sheila Nataraj;Barney, Heather;Pearson, Marjorie L.;Chow, Marc |
| 245 ## - TITLE STATEMENT | |
| Statement of responsibility, etc | Stecher, Brian M.;Kirby, Sheila Nataraj;Barney, Heather;Pearson, Marjorie L.;Chow, Marc |
| Title | Organizational Improvement and Accountability |
| Remainder of title | Lessons for Education from Other Sectors |
| 260 ## - PUBLICATION, DISTRIBUTION, ETC. (IMPRINT) | |
| Name of publisher, distributor, etc | RAND Corporation |
| Date of publication, distribution, etc | 2004 |
| 650 ## - SUBJECT ADDED ENTRY--TOPICAL TERM | |
| Topical term or geographic name as entry element | Education |
| 650 ## - SUBJECT ADDED ENTRY--TOPICAL TERM | |
| Topical term or geographic name as entry element | Educational accountability -- United States; School management and organization -- United States; Organizational effectiveness -- Evaluation |
| 856 ## - ELECTRONIC LOCATION AND ACCESS | |
| Uniform Resource Identifier | <a href="www.jstor.org/stable/10.7249/mg136wfhf">www.jstor.org/stable/10.7249/mg136wfhf</a> |
| Withdrawn status | Lost status | Damaged status | Home library | Current library | Date acquired | Total Checkouts | Full call number | Date last seen | Price effective from | Koha item type |
|---|---|---|---|---|---|---|---|---|---|---|
| College Library | College Library | 12/12/2017 | LB2806.22.O74 2004 | 12/12/2017 | 12/12/2017 | Curriculum - Based eBooks |